1683 1554 1402 1854 1330 1646 1954 1995 1241 1921 1343 1044 1353 1549 1364 1930 1669 1331 1611 1563 1794 1848 1506 1050 1214 1481 1976 1399 1329 1730 1331 1741 1143 1070 1256 1696 1843 1797 1385 1096 1819 1157 1101 1123 1504 1124 1512 1835 1936 1409 1538 1242 1648 1730 1887 1633 1402 1499 1346 1935 1475 1686 1924 1642 1425 1051 1154 1344 1332 1835 1900 1924 1257 1806 1045 1453 1800 1507 1659 1582 1199 1047 1928 1156 1466 1479 1458 1667 1826 1318 1213 1391 1911 1736 1047 1653 1952 1601 1092 BCNSPRNW ULIB Ver.6.0+V

เปลี่ยนเป็นภาษาไทย

Change to English
 แสดงรายละเอียดบรรณานุกรม
  กลับหน้าหลัก

Brief Record : Get Marc (ISO 2709) : E-mail record : QR code < ปิดหน้าต่าง
LEADER : 00000nam 2200000uu 4500
001    13399112725
003     ULIB
008    110907s2550||||th 000 0 tha d
020    9749942787
050 04 LB2952.5^bพ172ก 2550
100 0  พจนา ทรัพย์สมาน
245 10 การจัดการเรียนรู้โดยให้ผู้เรียนแสวงหาและค้นพบความรู้ด้วยตนเอง /^cพจนา ทรัพย์สมาน
250    พิมพ์ครั้งที่ 2
260    กรุงเทพฯ :^bสำนักพิมพ์แห่งจุฬาลงกรณ์มหาวิทยาลัย,^c2550
300    208 หน้า ;^c26 ซม
650  7 การเรียนรู้
650  7 พหุปัญญา
945    ^p180^l0^i026976
945    ^p180^l0^i026977
995    ทศพร
999 ^a ทศพร
รายการนี้ยังไม่มีแท็ก
คุณยังไม่ได้ล็อกอิน คุณสามารถมีกิจกรรมร่วมกับเว็บไซต์ได้ แต่ต้องล็อกอินก่อน ::
  ล็อกอิน

รายการสื่อสารสนเทศ

ลำดับที่ ประเภท เลขเรียก/บาร์โค้ด สถานที่ สถานะ
- ไม่พบข้อมูล -

รายการใกล้เคียง
    ผู้แต่ง [พจนา ทรัพย์สมาน]

    หัวเรื่อง [การเรียนรู้]
    หัวเรื่อง [พหุปัญญา]

BibComment


ยังไม่เคยถูกคอมเมนท์

คอมเมนท์ทรัพยากรรายการนี้
  คอมเมนท์: การจัดการเรียนรู้..


 Copyright 2026. Bcnsprnw @Library